|
|
|
|
| LEADER |
00702cam a2200193 7i4500 |
| 001 |
0000009073 |
| 005 |
20160321090000.0 |
| 020 |
|
|
|a 0073662631
|
| 090 |
0 |
0 |
|a TS156
|b .Q65 2005
|
| 245 |
0 |
0 |
|a Quality management
|c Howard S. Gitlow ... [et al.].
|
| 250 |
|
|
|a 3rd ed.
|
| 260 |
|
|
|a Boston:
|b McGraw-Hill,
|c 2005.
|
| 300 |
|
|
|a xviii, 797 p.:
|b ill.;
|c 24 cm..
|
| 490 |
0 |
|
|a McGraw-Hill/Irwin series operations and decision sciences
|
| 504 |
|
|
|a Includes bibliographical references and index
|
| 650 |
0 |
0 |
|a Quality control --
|x Statistical methods
|
| 700 |
1 |
|
|a Gitlow, Howard S
|
| 999 |
|
|
|a 0000011054
|b BOK
|c OPEN SHELF
|e 2nd Floor, Shah Alam
|
| 999 |
|
|
|a CDR0000275
|b CD-ROM
|c OPEN SHELF
|e Circulation Counter, Shah Alam
|